Čierny pápež? svätým otcom sa môže stať černoch, Hispánec, Ind aj Žid

Bibliographic Details
Main Author: Novak, Jaromír (Author)
Format: Article
Language:Slovak
PhysicalDescription:Fotogr.
ISSN:0139-6323
Subjects:

MARC

LEADER 00000nab a2200000 a 4500
001 vtls008158295
003 SK-MaSNL
005 20260304210125.0
008 050603c2005 xo wr|p|||||||000 b|slo
015 |a SNBRB2005/05  |2 snkbucl 
038 |a SNKBUCL 
040 |a SNKBUCL  |b slo  |c SNKBUCL  |e AACR2 
041 0 |a slo 
044 |a xo  |c SK 
080 |a 262.13  |2 1981 
100 1 |a Novak, Jaromír  |4 aut 
245 1 0 |a Čierny pápež?  |b svätým otcom sa môže stať černoch, Hispánec, Ind aj Žid  |c Jaromír Novak 
300 |b Fotogr. 
610 2 7 |a Katolícka cirkev  |2 snkbucl  |9 206702 
773 0 |t Život  |g Roč. 55, č. 15 (2005), s. 54-56  |x 0139-6323 
852 |a SNK  |b KIS3GCP 
999 |c 3124615  |d 3126545